000 00344nam a2200157Ia 4500
003 OSt
005 20240302163147.0
008 170523s9999 xx 000 0 und d
020 _a ‎ B09W1CBS1S
040 _cIIMTU
100 _aKAZMI- AZHER
245 0 _aBUSINESS POLICY
260 _bTATA MC GRAW HILL
260 _c1999
942 _2ddc
_c02
999 _c866
_d866